Normal view
MARC view
- Lt Col Dr Hamid Ashraf Yousafzai
Entry Personal Name
001 - CONTROL NUMBER
- control field: 51523
003 - CONTROL NUMBER IDENTIFIER
- control field: NUST
005 - DATE AND TIME OF LATEST TRANSACTION
- control field: 20210314135021.0
008 - FIXED-LENGTH DATA ELEMENTS
- fixed length control field: 210314|| aca||aabn | a|a d
040 ## - CATALOGING SOURCE
- Original cataloging agency: NUST
- Transcribing agency: NUST
100 ## - HEADING--PERSONAL NAME
- Personal name: Lt Col Dr Hamid Ashraf Yousafzai
670 ## - SOURCE DATA FOUND
- Source citation: Work cat.: (NUST): Lt Col Dr Hamid Ashraf Yousafzai, Surveying I, 2018.
